000 00295nam a22001337a 4500
008 180315b xxu||||| |||| 00| 0 eng d
020 _a9780875848341
041 _aeng
080 _a33
100 _a57
101 _aBIZ
245 _aThe entrepreneurial mindset
_cGrath,R.G
942 _2udc
_cBK
999 _c45181
_d45181